000 00711nam a22001577a 4500
005 20250812103103.0
008 250812b |||||||| |||| 00| 0 eng d
050 _aTHE HG 187 .N93 2025
_bC.1
100 _aNyasende, Enock O.
245 _aCovid-19 Fiscal Policy Measures, Information Technology and Stock Market Performance of Listed Commercial Banks in Kenya
260 _aKisii
_bKisii University
_c2025
300 _axxii, 121p.:ill.
500 _aIncludes bibliographical references
650 _a1. Fiscal policy—Kenya. 2. COVID-19 Pandemic, 2020—Economic aspects—Kenya. 3. Banks and banking—Kenya. 4. Nairobi Securities Exchange. 5. Commercial banks—Kenya—Performance.
942 _2lcc
_cREF
999 _c216026
_d216026